00861nam a2200217 a 450000500170000000800410001704000250005804100080008304400070009109000140009810000390011224502020015126000240035330000110037765000210038865000360040965000190044594200150046499900130047995201510049220191224041528.0140220b1994 ck ||||| |||| 00| 0 spa d aCO-BoIAVHcCO-BoIAVH aspa ack aLBb00389 aFranco Vidal, Claudia Lorena97653 aDistribución, aspectos ecológicos y estado actual de la "Piangua" Anadara similis (Adams, 1852) y Anadara tuberculosa (sowerby, 1833) y observaciones ecológicas sobre la "sangara" Anadara gra aBogotábGEAc1994 a162 p. aManglares942382 aEcología de poblaciones93557 aBivalvos97655 cINFORME2z c408d408 00102z40708GENERALIINV2017aBogotabBogotad1998-02-01eWCSl0oLB-00389p000561r2012-12-04 00:00:00tEj. 1w2012-12-04xDonaciónyINFORME